000 00707nam a22001577a 4500
003 OSt
005 20190712155224.0
008 190712b xxu||||| |||| 00| 0 eng d
040 _cRUA
082 _aAGR CHU 2017 B633 Or.1
100 _913629
_aCHUM SOPHEA ជុំ សុភា
245 _acomparison of bok choy ( Brassica rapa ) varieties on growth and yield at royal university of agriculture ការប្រៀបធៀបពូជតឿលើការលូតលាស់ និង​ ទិន្នផលនៅក្នងសកលវិទ្យាល័យភូមិន្ទកសិកម្ម
260 _aRUA
_bphnom penh
_c2017
300 _axi;40p
_bill;
_c29cm
942 _2ddc
_cAGR
999 _c17963
_d17963